[Event "GBR-ch107 U14"]
[Site "Milton Keynes"]
[Date "2021.10.02"]
[Round "3.6"]
[White "Sharma, Josh"]
[Black "Maton, Emily"]
[Result "1/2-1/2"]
[WhiteElo "1540"]
[BlackElo "1415"]
[PlyCount "165"]
[EventDate "2021.10.02"]
[EventType "swiss"]
[EventRounds "5"]
[EventCountry "GBR"]
[SourceTitle "BritBase"]
[Source "John Saunders"]
[SourceDate "2021.06.05"]
[SourceVersion "1"]
[SourceVersionDate "2021.06.05"]
[SourceQuality "1"]

1. c4 Nf6 2. Nc3 d5 3. cxd5 Nxd5 4. Nf3 g6 5. Qa4+ c6 6. g3 Bg7 7. Bg2 Nxc3 8.
dxc3 Bf5 9. Be3 Na6 10. Qa3 Qc7 11. Bf4 e5 12. Nxe5 Nc5 13. Qb4 Bxe5 14. Qxc5
Bxf4 15. gxf4 Qxf4 16. Qd4 Qxd4 17. cxd4 O-O 18. O-O-O Rfe8 19. e3 Be4 20. f3
Bd5 21. Rd3 Rad8 22. b3 f5 23. Re1 Bf7 24. e4 c5 25. Red1 cxd4 26. Rxd4 Rxd4
27. Rxd4 Re7 28. Kd2 Kg7 29. Rd6 Be8 30. exf5 gxf5 31. f4 Bh5 32. Bf1 Bf3 33.
Bd3 Be4 34. Bxe4 Rxe4 35. Rd7+ Kg6 36. Rxb7 Rxf4 37. Ke3 Rh4 38. Rxa7 Rxh2 39.
Kf4 Rf2+ 40. Kg3 Rb2 41. Kf4 Rf2+ 42. Kg3 Rf1 43. Kg2 Rb1 44. Kg3 h5 45. Ra8
Rg1+ 46. Kf2 Rc1 47. Kg3 Rg1+ 48. Kf2 Rd1 49. Ke2 Rd4 50. Ra4 Rd5 51. Ke3 Kg5
52. Ra8 Re5+ 53. Kf3 Re1 54. Kf2 Rc1 55. Rg8+ Kf4 56. a4 Rc2+ 57. Kg1 Rb2 58.
Rg2 Rb1+ 59. Kh2 Rxb3 60. Ra2 Kg4 61. a5 f4 62. a6 Rb8 63. a7 Ra8 64. Ra3 h4
65. Kg2 h3+ 66. Rxh3 Rxa7 67. Rf3 Ra2+ 68. Rf2 f3+ 69. Kg1 Ra3 70. Kh2 Rc3 71.
Kg1 Kg3 72. Rf1 Rc2 73. Rb1 Rg2+ 74. Kh1 Rc2 75. Kg1 Kf4 76. Rb8 Rc3 77. Rf8+
Ke3 78. Re8+ Kd2 79. Kf2 Rc1 80. Rd8+ Kc2 81. Rc8+ Kb1 82. Rxc1+ Kxc1 83. Kxf3
1/2-1/2

[Event "GBR-ch107 U14"]
[Site "Milton Keynes"]
[Date "2021.10.02"]
[Round "3.7"]
[White "Farahi-Far, Arman"]
[Black "Kumar, Satyam"]
[Result "1-0"]
[WhiteElo "1496"]
[BlackElo "1183"]
[PlyCount "31"]
[EventDate "2021.10.02"]
[EventType "swiss"]
[EventRounds "5"]
[EventCountry "GBR"]
[SourceTitle "BritBase"]
[Source "John Saunders"]
[SourceDate "2021.06.05"]
[SourceVersion "1"]
[SourceVersionDate "2021.06.05"]
[SourceQuality "1"]

1. d4 Nf6 2. c4 g6 3. Nf3 Bg7 4. Nc3 d6 5. g3 O-O 6. Bg2 Nbd7 7. O-O c5 8. d5
Nb6 9. Nd2 Bd7 10. e4 Qc8 11. f4 Ng4 12. Qe2 Nf6 13. Re1 e5 14. dxe6 Bxe6 15.
Nd5 Bg4 16. Ne7+ 1-0

[Event "GBR-ch107 U14"]
[Site "Milton Keynes"]
[Date "2021.10.03"]
[Round "4.1"]
[White "Pert, Nina P"]
[Black "Kolani, Arjun"]
[Result "0-1"]
[WhiteElo "1536"]
[BlackElo "1770"]
[PlyCount "92"]
[EventDate "2021.10.02"]
[EventType "swiss"]
[EventRounds "5"]
[EventCountry "GBR"]
[SourceTitle "BritBase"]
[Source "John Saunders"]
[SourceDate "2021.06.05"]
[SourceVersion "1"]
[SourceVersionDate "2021.06.05"]
[SourceQuality "1"]

1. e4 e5 2. Nf3 Nc6 3. Bc4 Bc5 4. c3 Nf6 5. d4 exd4 6. cxd4 Bb4+ 7. Nc3 Nxe4 8.
O-O Bxc3 9. d5 Bf6 10. Re1 Ne7 11. Rxe4 d6 12. Bg5 Bxg5 13. Nxg5 h6 14. Qe2
hxg5 15. Re1 Be6 16. dxe6 f6 17. Re3 c6 18. Rb3 Qc7 19. g3 g6 20. Bd3 Kf8 21.
Qg4 Kg7 22. Bc2 Rh5 23. f4 Qa5 24. Re2 Qc5+ 25. Kh1 Qd5+ 26. Qf3 Qxf3+ 27. Rxf3
gxf4 28. gxf4 f5 29. a4 Kf6 30. a5 b5 31. Kg1 Re8 32. Rc3 Rh4 33. Bb3 Rxf4 34.
Rh3 Kg7 35. Bc2 Rh8 36. Rd3 d5 37. Rc3 Rh5 38. h3 Kf6 39. Kg2 Rg5+ 40. Kh2 Rf1
41. Bd3 Rf3 42. Rd2 Rgg3 43. a6 Rxh3+ 44. Kg2 Rhg3+ 45. Kh2 b4 46. Rb3 c5 0-1

[Event "GBR-ch107 U14"]
[Site "Milton Keynes"]
[Date "2021.10.03"]
[Round "4.2"]
[White "Agrawal, Shivam"]
[Black "Madhavan, Sanjith"]
[Result "0-1"]
[WhiteElo "1721"]
[BlackElo "1498"]
[PlyCount "70"]
[EventDate "2021.10.02"]
[EventType "swiss"]
[EventRounds "5"]
[EventCountry "GBR"]
[SourceTitle "BritBase"]
[Source "John Saunders"]
[SourceDate "2021.06.05"]
[SourceVersion "1"]
[SourceVersionDate "2021.06.05"]
[SourceQuality "1"]

1. d4 d5 2. c4 c6 3. Nc3 Nf6 4. Nf3 e6 5. cxd5 exd5 6. Bg5 Be7 7. e3 O-O 8. Bd3
Bg4 9. Qb3 Qb6 10. Ne5 Be6 11. O-O h6 12. Bh4 Re8 13. Qc2 Nbd7 14. Nxd7 Nxd7
15. Bxe7 Rxe7 16. b4 Rc8 17. Rfc1 Nb8 18. Rab1 Qd8 19. Rb3 a5 20. bxa5 c5 21.
dxc5 d4 22. exd4 Bxb3 23. Qxb3 Qxd4 24. Nb5 Qe5 25. Nd6 Rxc5 26. Rxc5 Qxc5 27.
Nxb7 Qa7 28. Nd6 Nc6 29. Qc3 Qd4 30. Qxd4 Nxd4 31. Kf1 Nc6 32. a6 Rd7 33. Nb5
Rxd3 34. a7 Rd8 35. a4 Ra8 0-1

[Event "GBR-ch107 U14"]
[Site "Milton Keynes"]
[Date "2021.10.03"]
[Round "4.3"]
[White "Royle, Alex"]
[Black "Wang, Yong Gui"]
[Result "1-0"]
[WhiteElo "1480"]
[BlackElo "1578"]
[PlyCount "65"]
[EventDate "2021.10.02"]
[EventType "swiss"]
[EventRounds "5"]
[EventCountry "GBR"]
[SourceTitle "BritBase"]
[Source "John Saunders"]
[SourceDate "2021.06.05"]
[SourceVersion "1"]
[SourceVersionDate "2021.06.05"]
[SourceQuality "1"]

1. e4 e6 2. d4 d5 3. Nd2 Nf6 4. e5 Nfd7 5. c3 c5 6. f4 Nc6 7. Ndf3 Qb6 8. g3
cxd4 9. cxd4 Bb4+ 10. Kf2 f6 11. Be3 fxe5 12. fxe5 O-O 13. Bd3 Na5 14. b3 Nc6
15. Bc2 Rf7 16. Qd3 Nf8 17. Kg2 Be7 18. a3 h6 19. Ne2 g5 20. h4 g4 21. Nh2 h5
22. Rhf1 Qa6 23. Rxf7 Qxd3 24. Rxf8+ Kxf8 25. Bxd3 Na5 26. b4 Nc6 27. Bh6+ Kg8
28. Bg5 Nxb4 29. axb4 Bxb4 30. Rf1 a5 31. Nf4 a4 32. Nxh5 a3 33. Rf6 1-0

[Event "GBR-ch107 U14"]
[Site "Milton Keynes"]
[Date "2021.10.03"]
[Round "4.4"]
[White "Mehta, Shaurya"]
[Black "Merriman, James"]
[Result "0-1"]
[WhiteElo "1638"]
[BlackElo "1837"]
[PlyCount "87"]
[EventDate "2021.10.02"]
[EventType "swiss"]
[EventRounds "5"]
[EventCountry "GBR"]
[SourceTitle "BritBase"]
[Source "John Saunders"]
[SourceDate "2021.06.05"]
[SourceVersion "1"]
[SourceVersionDate "2021.06.05"]
[SourceQuality "1"]

1. e4 e6 2. d4 d5 3. exd5 exd5 4. c4 Nf6 5. Nc3 Bb4 6. Bg5 O-O 7. Bd3 dxc4 8.
Bxc4 Qe8+ 9. Be3 Qc6 10. Qe2 b5 11. Bxb5 Qxg2 12. Qf3 Bb7 13. Qg3 Qxg3 14. hxg3
Bxh1 15. f3 c6 16. Bc4 Re8 17. Kf2 Nbd7 18. Nh3 Nb6 19. Bb3 Nbd5 20. Nxd5 Nxd5
21. Bxd5 cxd5 22. Rxh1 Rac8 23. Rc1 Rxc1 24. Bxc1 Rc8 25. a3 Rc2+ 26. Ke3 Be1
27. Nf4 Rxc1 28. g4 Rc2 29. Nxd5 Rxb2 30. Ne7+ Kf8 31. Nc6 Rb3+ 32. Ke4 Rxa3
33. d5 Bb4 34. Ke5 Be7 35. d6 Bxd6+ 36. Kxd6 Rxf3 37. Nxa7 Rg3 38. Nc6 Rxg4 39.
Ne5 Rg1 40. Nd7+ Kg8 41. Ke5 h5 42. Kf4 h4 43. Ne5 h3 44. Ke3 0-1

[Event "GBR-ch107 U14"]
[Site "Milton Keynes"]
[Date "2021.10.03"]
[Round "4.5"]
[White "Srikanta Prasad, Suyash"]
[Black "Zakarian, Dimitrios Levon"]
[Result "0-1"]
[WhiteElo "1347"]
[BlackElo "1749"]
[PlyCount "96"]
[EventDate "2021.10.02"]
[EventType "swiss"]
[EventRounds "5"]
[EventCountry "GBR"]
[SourceTitle "BritBase"]
[Source "John Saunders"]
[SourceDate "2021.06.05"]
[SourceVersion "1"]
[SourceVersionDate "2021.06.05"]
[SourceQuality "1"]

1. e4 c5 2. c3 Nf6 3. e5 Nd5 4. d4 cxd4 5. cxd4 e6 6. Nf3 d6 7. Bc4 Nb6 8. Bb5+
Bd7 9. Bxd7+ Qxd7 10. Bf4 Nd5 11. Bg3 Nc6 12. a3 Be7 13. O-O O-O 14. Nbd2 dxe5
15. Nxe5 Nxe5 16. dxe5 Qb5 17. Qb3 Qxb3 18. Nxb3 Rac8 19. Rac1 Bg5 20. f4 Bh6
21. Rf3 Rxc1+ 22. Nxc1 Rc8 23. Nd3 Rc2 24. Rf2 Rc4 25. Rf3 Kf8 26. Kf1 Ke8 27.
h3 b6 28. Bh2 Rc2 29. Rf2 Ne3+ 30. Kg1 Rc4 31. g4 Rd4 32. Ne1 g5 33. f5 exf5
34. gxf5 Rd1 35. Re2 Nxf5 36. Kf2 Nd4 37. Re4 Rd2+ 38. Kg3 Nf5+ 39. Kg4 Rxh2
40. Kxf5 Rxh3 41. e6 Rh4 42. Re2 Rf4+ 43. Ke5 Bg7+ 44. Kd6 fxe6 45. Kxe6 Rf6+
46. Kd5+ Kd7 47. Nd3 Rd6+ 48. Kc4 b5+ 0-1

[Event "GBR-ch107 U14"]
[Site "Milton Keynes"]
[Date "2021.10.03"]
[Round "4.6"]
[White "Vaidya, Raghav"]
[Black "Sharma, Josh"]
[Result "1/2-1/2"]
[WhiteElo "1524"]
[BlackElo "1540"]
[PlyCount "65"]
[EventDate "2021.10.02"]
[EventType "swiss"]
[EventRounds "5"]
[EventCountry "GBR"]
[SourceTitle "BritBase"]
[Source "John Saunders"]
[SourceDate "2021.06.05"]
[SourceVersion "1"]
[SourceVersionDate "2021.06.05"]
[SourceQuality "1"]

1. c4 Nf6 2. Nc3 g6 3. g3 Bg7 4. Bg2 O-O 5. d4 d6 6. Nf3 Nc6 7. O-O a6 8. d5
Na5 9. b3 Rb8 10. Bg5 h6 11. Bd2 b5 12. cxb5 axb5 13. b4 Nc4 14. Rc1 Nxd2 15.
Qxd2 e5 16. dxe6 fxe6 17. Nd4 Qe8 18. Bc6 Bd7 19. Bxd7 Qxd7 20. Qd3 c6 21. Qxg6
Rbe8 22. Ne4 c5 23. bxc5 dxc5 24. Nf3 Nxe4 25. Qxe4 Rf5 26. Rfd1 Rd5 27. Qc2 c4
28. e4 Rxd1+ 29. Rxd1 Qc6 30. Nd4 Qb6 31. Nf3 Qc6 32. Nd4 Qb6 33. Nf3 1/2-1/2

[Event "GBR-ch107 U14"]
[Site "Milton Keynes"]
[Date "2021.10.03"]
[Round "4.7"]
[White "Thangella, Ishanth Reddy"]
[Black "Farahi-Far, Arman"]
[Result "0-1"]
[WhiteElo "955"]
[BlackElo "1496"]
[PlyCount "98"]
[EventDate "2021.10.02"]
[EventType "swiss"]
[EventRounds "5"]
[EventCountry "GBR"]
[SourceTitle "BritBase"]
[Source "John Saunders"]
[SourceDate "2021.06.05"]
[SourceVersion "1"]
[SourceVersionDate "2021.06.05"]
[SourceQuality "1"]

1. e4 c5 2. Nf3 Nc6 3. Bc4 g6 4. d4 cxd4 5. Nxd4 Bg7 6. Nxc6 bxc6 7. c3 d6 8.
Be3 Nf6 9. f3 O-O 10. O-O d5 11. exd5 cxd5 12. Bb3 Ba6 13. Re1 e6 14. Nd2 Qc7
15. Rc1 Nd7 16. Nf1 Ne5 17. Bd4 Nd3 18. Bxg7 Kxg7 19. Bc2 Qb6+ 20. Ne3 Nxe1 21.
Qxe1 Qxb2 22. Kh1 Qb5 23. Qg3 Qb8 24. Qe1 Rc8 25. Bb3 Qe5 26. Qd2 d4 27. Ng4
Qf5 28. Bc2 d3 29. Ne3 Qf4 30. Bxd3 Bxd3 31. Qxd3 Rd8 32. Qe2 Rd7 33. Rd1 Rad8
34. g3 Rxd1+ 35. Nxd1 Qd2 36. Qe5+ Kg8 37. Ne3 Qe1+ 38. Kg2 Qe2+ 39. Kh3 Qxf3
40. Ng4 Qf5 41. Qc7 Rd2 42. Qb8+ Kg7 43. Qe5+ Qxe5 44. Nxe5 Rxa2 45. Nc6 Kf6
46. g4 Ra3 47. Kh4 Rxc3 48. Nxa7 g5+ 49. Kh5 Rh3# 0-1

[Event "GBR-ch107 U14"]
[Site "Milton Keynes"]
[Date "2021.10.03"]
[Round "4.8"]
[White "Maton, Emily"]
[Black "Cox, Lucian"]
[Result "1-0"]
[WhiteElo "1415"]
[BlackElo "1051"]
[PlyCount "109"]
[EventDate "2021.10.02"]
[EventType "swiss"]
[EventRounds "5"]
[EventCountry "GBR"]
[SourceTitle "BritBase"]
[Source "John Saunders"]
[SourceDate "2021.06.05"]
[SourceVersion "1"]
[SourceVersionDate "2021.06.05"]
[SourceQuality "1"]

1. c4 Nf6 2. d4 g6 3. g3 Bg7 4. Bg2 O-O 5. Nc3 d6 6. Nf3 Nbd7 7. O-O e5 8. dxe5
dxe5 9. Nd5 Re8 10. Bg5 h6 11. Nxf6+ Nxf6 12. Qxd8 Rxd8 13. Bxf6 Bxf6 14. Rad1
Be6 15. b3 e4 16. Nd2 Bg4 17. Nxe4 Bg7 18. f3 Be6 19. e3 b6 20. Nf2 f5 21. Nd3
c5 22. Nf4 Bf7 23. Nd5 Kh8 24. Nc7 Rxd1 25. Rxd1 Rc8 26. Nb5 a6 27. Nd6 Rf8 28.
Nxf7+ Rxf7 29. Kf2 g5 30. f4 gxf4 31. gxf4 Bf6 32. Rd6 Bh4+ 33. Kf3 Rf6 34.
Rxf6 Bxf6 35. Bh3 Kg7 36. Bxf5 a5 37. e4 Bd4 38. e5 Kf7 39. Ke4 Bf2 40. Bg4 Bh4
41. Kd5 Bd8 42. Kd6 Ke8 43. f5 Be7+ 44. Ke6 Bd8 45. f6 Bc7 46. Bh5+ Kf8 47. h3
b5 48. cxb5 a4 49. Kf5 axb3 50. axb3 Kg8 51. e6 c4 52. bxc4 Kh7 53. e7 Bd8 54.
Bg6+ Kg8 55. exd8=Q# 1-0

[Event "GBR-ch107 U14"]
[Site "Milton Keynes"]
[Date "2021.10.03"]
[Round "5.2"]
[White "Madhavan, Sanjith"]
[Black "Pert, Nina P"]
[Result "1/2-1/2"]
[WhiteElo "1498"]
[BlackElo "1536"]
[PlyCount "31"]
[EventDate "2021.10.02"]
[EventType "swiss"]
[EventRounds "5"]
[EventCountry "GBR"]
[SourceTitle "BritBase"]
[Source "John Saunders"]
[SourceDate "2021.06.05"]
[SourceVersion "1"]
[SourceVersionDate "2021.06.05"]
[SourceQuality "1"]

1. e4 c6 2. Nc3 d5 3. Nf3 Bg4 4. h3 Bxf3 5. Qxf3 Nf6 6. e5 Nfd7 7. d4 e6 8. Ne2
c5 9. c3 Nc6 10. a3 Qb6 11. Qd3 Rc8 12. g4 cxd4 13. cxd4 Na5 14. Bg2 Be7 15.
O-O O-O 16. f4 1/2-1/2

[Event "GBR-ch107 U14"]
[Site "Milton Keynes"]
[Date "2021.10.03"]
[Round "5.3"]
[White "Merriman, James"]
[Black "Agrawal, Shivam"]
[Result "0-1"]
[WhiteElo "1837"]
[BlackElo "1721"]
[PlyCount "100"]
[EventDate "2021.10.02"]
[EventType "swiss"]
[EventRounds "5"]
[EventCountry "GBR"]
[SourceTitle "BritBase"]
[Source "John Saunders"]
[SourceDate "2021.06.05"]
[SourceVersion "1"]
[SourceVersionDate "2021.06.05"]
[SourceQuality "1"]

1. d4 d5 2. c4 c6 3. Nc3 Nf6 4. Nf3 e6 5. Bg5 Be7 6. e3 O-O 7. cxd5 exd5 8. Qc2
Be6 9. Bd3 h6 10. Bh4 Nbd7 11. O-O Nh5 12. Bxe7 Qxe7 13. Ne5 Nxe5 14. dxe5 g6
15. f4 Ng7 16. e4 Qc5+ 17. Kh1 dxe4 18. Nxe4 Qxc2 19. Bxc2 Rfd8 20. Nd6 Rd7 21.
Rad1 Kf8 22. h3 h5 23. b3 Ke7 24. Kg1 Rad8 25. Kf2 Nf5 26. Bxf5 Bxf5 27. Rd4
Rxd6 28. exd6+ Rxd6 29. Re1+ Kd7 30. Red1 Rxd4 31. Rxd4+ Kc7 32. Kf3 Bb1 33. a3
c5 34. Rd2 f5 35. Kg3 b5 36. Kh4 c4 37. bxc4 bxc4 38. Kg5 Kc6 39. Kxg6 Be4 40.
Kxh5 c3 41. Rd8 c2 42. Rc8+ Kb5 43. Kg6 Bc6 44. h4 c1=Q 45. h5 Qxf4 46. h6 Qd6+
47. Kg5 Qe7+ 48. Kg6 Be8+ 49. Rxe8 Qxe8+ 50. Kxf5 Qh5+ 0-1

[Event "GBR-ch107 U14"]
[Site "Milton Keynes"]
[Date "2021.10.03"]
[Round "5.4"]
[White "Zakarian, Dimitrios Levon"]
[Black "Maton, Emily"]
[Result "1-0"]
[WhiteElo "1749"]
[BlackElo "1415"]
[PlyCount "103"]
[EventDate "2021.10.02"]
[EventType "swiss"]
[EventRounds "5"]
[EventCountry "GBR"]
[SourceTitle "BritBase"]
[Source "John Saunders"]
[SourceDate "2021.06.05"]
[SourceVersion "1"]
[SourceVersionDate "2021.06.05"]
[SourceQuality "1"]

1. d4 Nf6 2. Nf3 g6 3. c4 d5 4. cxd5 Nxd5 5. g3 Bg7 6. Bg2 O-O 7. O-O c5 8.
dxc5 Na6 9. c6 bxc6 10. Nd4 Bb7 11. Nc3 Nxc3 12. bxc3 Qc7 13. Rb1 Rab8 14. Ba3
Rfd8 15. Qa4 e5 16. Nxc6 Bxc6 17. Qxc6 Qxc6 18. Bxc6 Rdc8 19. Bb7 Rxc3 20. Bd6
Rd8 21. Bxe5 Bxe5 22. Bxa6 Rd2 23. a4 Ra3 24. Bb5 a6 25. Bxa6 Rxa4 26. Bd3 Rda2
27. Rb5 Bd4 28. Rb7 Ra7 29. Rfb1 Rxb7 30. Rxb7 Ra7 31. Rb4 Bc3 32. Rc4 Be5 33.
Kg2 Kg7 34. f4 Bd6 35. Kf3 f5 36. Rc6 Bb4 37. h3 Re7 38. g4 fxg4+ 39. hxg4 Bd2
40. e4 h5 41. e5 hxg4+ 42. Kxg4 g5 43. Rg6+ Kf8 44. Rxg5 Rf7 45. Bf5 Rg7 46.
Bg6 Ke7 47. Kf5 Rg8 48. Ke4 Rb8 49. Rf5 Rb4+ 50. Kf3 Rb6 51. Rf7+ Ke8 52. Rf6+
1-0

[Event "GBR-ch107 U14"]
[Site "Milton Keynes"]
[Date "2021.10.03"]
[Round "5.5"]
[White "Farahi-Far, Arman"]
[Black "Vaidya, Raghav"]
[Result "1/2-1/2"]
[WhiteElo "1496"]
[BlackElo "1524"]
[PlyCount "30"]
[EventDate "2021.10.02"]
[EventType "swiss"]
[EventRounds "5"]
[EventCountry "GBR"]
[SourceTitle "BritBase"]
[Source "John Saunders"]
[SourceDate "2021.06.05"]
[SourceVersion "1"]
[SourceVersionDate "2021.06.05"]
[SourceQuality "1"]

1. d4 Nf6 2. c4 e6 3. Nf3 b6 4. g3 Bb7 5. Bg2 Be7 6. O-O O-O 7. Nc3 d5 8. Ne5
Nc6 9. Nxc6 Bxc6 10. cxd5 exd5 11. Bf4 Bd6 12. Bg5 Be7 13. Bf4 Bd6 14. Bg5 Be7
15. Bf4 Bd6 1/2-1/2

[Event "GBR-ch107 U14"]
[Site "Milton Keynes"]
[Date "2021.10.03"]
[Round "5.6"]
[White "Sharma, Josh"]
[Black "Mehta, Shaurya"]
[Result "0-1"]
[WhiteElo "1540"]
[BlackElo "1638"]
[PlyCount "48"]
[EventDate "2021.10.02"]
[EventType "swiss"]
[EventRounds "5"]
[EventCountry "GBR"]
[SourceTitle "BritBase"]
[Source "John Saunders"]
[SourceDate "2021.06.05"]
[SourceVersion "1"]
[SourceVersionDate "2021.06.05"]
[SourceQuality "1"]

1. e4 e5 2. Nf3 Nc6 3. Bc4 Bc5 4. O-O Nf6 5. d4 Bxd4 6. Nxd4 Nxd4 7. Bg5 h6 8.
Bh4 g5 9. f4 d5 10. exd5 Bg4 11. Qe1 e4 12. fxg5 hxg5 13. Bxg5 Qd6 14. Rxf6
Qxh2+ 15. Kf2 Qe5 16. Rf4 Bf5 17. Bd3 Rg8 18. Qe3 f6 19. Bxf6 Qxf6 20. Bxe4
O-O-O 21. Bxf5+ Nxf5 22. Qe4 Qb6+ 23. Kf3 Rg3+ 24. Ke2 Re3+ 0-1

[Event "GBR-ch107 U14"]
[Site "Milton Keynes"]
[Date "2021.10.03"]
[Round "5.7"]
[White "Wang, Yong Gui"]
[Black "Srikanta Prasad, Suyash"]
[Result "0-1"]
[WhiteElo "1578"]
[BlackElo "1347"]
[PlyCount "122"]
[EventDate "2021.10.02"]
[EventType "swiss"]
[EventRounds "5"]
[EventCountry "GBR"]
[SourceTitle "BritBase"]
[Source "John Saunders"]
[SourceDate "2021.06.05"]
[SourceVersion "1"]
[SourceVersionDate "2021.06.05"]
[SourceQuality "1"]

1. e4 c5 2. Nc3 d6 3. f4 Nc6 4. Nf3 Nf6 5. d3 e6 6. g3 g6 7. Bg2 Bg7 8. O-O O-O
9. Be3 Nd7 10. Qd2 a6 11. g4 b5 12. Rab1 Nb6 13. h4 Nd4 14. g5 Rb8 15. Ne2 e5
16. c3 Nxe2+ 17. Qxe2 Bg4 18. f5 f6 19. fxg6 hxg6 20. Qe1 f5 21. Nh2 Bh5 22.
exf5 gxf5 23. Bf3 Qe8 24. Qe2 Bxf3 25. Rxf3 f4 26. Bf2 Qh5 27. Re1 Rf7 28. Rh3
Qxe2 29. Rxe2 Nd5 30. h5 Rf5 31. Nf3 c4 32. dxc4 bxc4 33. h6 Bh8 34. g6 Re8 35.
g7 Bxg7 36. hxg7 Kxg7 37. Kf1 Nf6 38. Bh4 Nd5 39. Ng5 Ne3+ 40. Kf2 e4 41. Rh1
Ng4+ 42. Ke1 e3 43. Rg1 Ne5 44. Ne4+ Kf8 45. Nxd6 Nf3+ 46. Kd1 Nxg1 47. Nxf5
Nxe2 48. Kxe2 Rb8 49. Be7+ Kf7 50. Ba3 Ke6 51. Nd4+ Kf6 52. Kf3 Re8 53. Ne2 a5
54. Nxf4 Kf5 55. Ng2 e2 56. Ne3+ Rxe3+ 57. Kxe3 e1=Q+ 58. Kd4 Qe4+ 59. Kc5 Ke6
60. Kb5 Qd5+ 61. Kb6 Kd7 0-1

[Event "GBR-ch107 U14"]
[Site "Milton Keynes"]
[Date "2021.10.03"]
[Round "5.8"]
[White "Cox, Lucian"]
[Black "Thangella, Ishanth Reddy"]
[Result "1-0"]
[WhiteElo "1051"]
[BlackElo "955"]
[PlyCount "103"]
[EventDate "2021.10.02"]
[EventType "swiss"]
[EventRounds "5"]
[EventCountry "GBR"]
[SourceTitle "BritBase"]
[Source "John Saunders"]
[SourceDate "2021.06.05"]
[SourceVersion "1"]
[SourceVersionDate "2021.06.05"]
[SourceQuality "1"]

1. e4 e5 2. f4 exf4 3. Nf3 Nc6 4. Bc4 Bc5 5. d4 Bb6 6. Bxf4 d6 7. h3 Na5 8. Qe2
Qf6 9. Bg5 Qg6 10. Nc3 Bxd4 11. Nxd4 Qxg5 12. O-O Nf6 13. Ndb5 Qc5+ 14. Kh1
Nxc4 15. b4 Qc6 16. Nd4 Qb6 17. Qxc4 O-O 18. a4 c6 19. a5 Qc7 20. Nd5 Nxd5 21.
exd5 Bd7 22. dxc6 bxc6 23. Rfd1 c5 24. bxc5 Qxc5 25. Qxc5 dxc5 26. Nb3 c4 27.
Rxd7 cxb3 28. cxb3 Rfd8 29. Rad1 Rxd7 30. Rxd7 Kf8 31. Rb7 g6 32. b4 Kg7 33. g4
Kf6 34. Kg2 Kg5 35. Rxf7 h5 36. gxh5 gxh5 37. Rb7 Kh4 38. b5 Rg8+ 39. Kh2 Rg3
40. Rxa7 Rxh3+ 41. Kg2 Rg3+ 42. Kf2 Kh3 43. Rh7 h4 44. b6 Rg4 45. b7 Rb4 46. a6
Kh2 47. a7 Rb2+ 48. Ke1 Rxb7 49. Rxb7 h3 50. Rb2+ Kg1 51. a8=Q h2 52. Qg2# 1-0

[Event "GBR-ch107 U12"]
[Site "Milton Keynes"]
[Date "2021.10.02"]
[Round "1.1"]
[White "Dasgupta, Avyukt"]
[Black "Shearsby, Jude"]
[Result "0-1"]
[WhiteElo "1491"]
[BlackElo "1762"]
[PlyCount "102"]
[EventDate "2021.10.02"]
[EventType "swiss"]
[EventRounds "5"]
[EventCountry "GBR"]
[SourceTitle "BritBase"]
[Source "John Saunders"]
[SourceDate "2021.06.05"]
[SourceVersion "1"]
[SourceVersionDate "2021.06.05"]
[SourceQuality "1"]

1. d4 Nf6 2. c3 d5 3. Bf4 c5 4. e3 Nc6 5. Nd2 Bf5 6. Ngf3 Qb6 7. Nh4 Be4 8. f3
Bg6 9. Qb3 c4 10. Qxb6 axb6 11. a3 b5 12. Rc1 e6 13. Nxg6 hxg6 14. h3 Nh5 15.
Bh2 Be7 16. Kf2 e5 17. dxe5 f6 18. g4 fxe5 19. gxh5 gxh5 20. Rg1 g5 21. Be2
O-O-O 22. Rce1 Rdf8 23. Kg2 Bc5 24. Bd1 Rhg8 25. Rgf1 Rd8 26. Kh1 Rdf8 27. f4
exf4 28. exf4 g4 29. hxg4 hxg4 30. Bg3 Bb6 31. Kg2 d4 32. cxd4 Nxd4 33. Ne4 Nf5
34. Bf2 Bc7 35. Bc5 Rd8 36. Nf6 Rg6 37. Nd5 Rxd5 38. Bf2 Rd2 39. Re2 Bxf4 40.
Rxd2 Bxd2 41. Bc2 Rg5 42. Bc5 Nh4+ 43. Kg3 Nf3 44. Be7 Re5 45. Bd6 Rd5 46. Bf4
Bxf4+ 47. Kxf4 Rd4+ 48. Ke3 Rd5 49. Be4 Re5 50. Kf4 Rxe4+ 51. Kxe4 Nd2+ 0-1

[Event "GBR-ch107 U12"]
[Site "Milton Keynes"]
[Date "2021.10.02"]
[Round "1.2"]
[White "Pal, Rohan"]
[Black "Pert, Max P"]
[Result "1/2-1/2"]
[WhiteElo "1759"]
[BlackElo "1485"]
[PlyCount "75"]
[EventDate "2021.10.02"]
[EventType "swiss"]
[EventRounds "5"]
[EventCountry "GBR"]
[SourceTitle "BritBase"]
[Source "John Saunders"]
[SourceDate "2021.06.05"]
[SourceVersion "1"]
[SourceVersionDate "2021.06.05"]
[SourceQuality "1"]

1. e4 c6 2. Nc3 d5 3. Nf3 Bg4 4. h3 Bxf3 5. Qxf3 Nf6 6. d3 e6 7. g3 Bb4 8. Bd2
d4 9. Nb1 Qb6 10. Bg2 Nbd7 11. O-O O-O 12. Bf4 e5 13. Bc1 Rab8 14. g4 c5 15. g5
Ne8 16. Qg4 Qd6 17. f4 f6 18. h4 b5 19. f5 Rb7 20. g6 Nb6 21. gxh7+ Kh8 22. h5
c4 23. Nd2 Bxd2 24. Bxd2 b4 25. a3 c3 26. Bc1 cxb2 27. Bxb2 Na4 28. Bc1 b3 29.
cxb3 Rxb3 30. Rf3 Qc5 31. Rg3 Qc3 32. h6 Rf7 33. Qg6 Rbb7 34. Rb1 Rxb1 35. Qxf7
Qxc1+ 36. Kh2 Qxh6+ 37. Rh3 Qf4+ 38. Rg3 1/2-1/2

[Event "GBR-ch107 U12"]
[Site "Milton Keynes"]
[Date "2021.10.02"]
[Round "1.3"]
[White "Hobson, Kenneth"]
[Black "Zheng, Harry Z"]
[Result "1-0"]
[WhiteElo "1358"]
[BlackElo "1685"]
[PlyCount "75"]
[EventDate "2021.10.02"]
[EventType "swiss"]
[EventRounds "5"]
[EventCountry "GBR"]
[SourceTitle "BritBase"]
[Source "John Saunders"]
[SourceDate "2021.06.05"]
[SourceVersion "1"]
[SourceVersionDate "2021.06.05"]
[SourceQuality "1"]

1. e4 e5 2. Nf3 Nc6 3. Bc4 Bc5 4. c3 Nf6 5. d3 d6 6. O-O a6 7. Bb3 Ba7 8. Nbd2
h6 9. Re1 Ng4 10. Re2 O-O 11. h3 Nf6 12. Nf1 Nh5 13. g4 Qf6 14. Kg2 Nf4+ 15.
Bxf4 Qxf4 16. Ng3 g6 17. Qd2 Qxd2 18. Rxd2 Kg7 19. d4 exd4 20. cxd4 Na5 21. Re1
Nxb3 22. axb3 Bb6 23. Rde2 f5 24. exf5 gxf5 25. Re7+ Kg8 26. g5 hxg5 27. Nxg5
Bxd4 28. Rxc7 Bb6 29. Rc4 f4 30. Nh5 d5 31. Rxf4 Rxf4 32. Nxf4 d4 33. Nd5 Ba5
34. b4 Bd8 35. Re8+ Kg7 36. Rxd8 Kh6 37. h4 d3 38. Ne3 1-0